| 000 | 00544nam a2200157 i 4500 | ||
|---|---|---|---|
| 001 | 182111 | ||
| 003 | ES-MaACL | ||
| 005 | 20230906221530.0 | ||
| 008 | 130617s1884 sp |||| | spa d | ||
| 100 | 1 |
_aMartín-Esperanza y Díaz, Ignacio. _9152887 |
|
| 245 | 1 | 3 |
_aLa Diócesis de Alcalá y Madrid _b: páginas de actualidad / _cpor Ignacio Martin-Esperanza y Díaz. |
| 260 |
_aGuadalajara : _b[s.n.], _c1884 ( _fImp. Provincial) |
||
| 300 |
_a26 p. ; _c20 cm. |
||
| 610 | 2 | 4 |
_aMadrid-Alcalá (Diócesis) _9152886 |
| 852 |
_aES-MaACL _jT-366-F-4 |
||
| 999 |
_c182111 _d182111 |
||